The noble scholar, jurist, historian


 His Excellency Dr. Abdul Wahhab bin Ibrahim Abu Sulaiman, may Allah have mercy on him.


 He was born in Umm Al-Qura in the year 1356 AH.

ذيل بشائر أهل الإيمان بفتوحات آل عثمان / (Record no. 9714)

MARC details
000 -LEADER
fixed length control field 01403nam a22003011i 4500
003 - CONTROL NUMBER IDENTIFIER
control field SA-RiAUC
005 - DATE AND TIME OF LATEST TRANSACTION
control field 20250710065300.0
008 - FIXED-LENGTH DATA ELEMENTS--GENERAL INFORMATION
fixed length control field 250512q19001999ti o g b 00000cara c
040 ## - CATALOGING SOURCE
Original cataloging agency SA-JeALM
Language of cataloging ara
Transcribing agency SA-RiAUC
Description conventions rda
043 ## - GEOGRAPHIC AREA CODE
Geographic area code f-ti---
082 04 - DEWEY DECIMAL CLASSIFICATION NUMBER
Classification number 920.0611
Assigning agency SA-RiAUC
090 ## - LOCALLY ASSIGNED LC-TYPE CALL NUMBER (OCLC); LOCAL CALL NUMBER (RLIN)
Classification number (OCLC) (R) ; Classification number, CALL (RLIN) (NR) 920.0611
Local cutter number (OCLC) ; Book number/undivided call number, CALL (RLIN) ح س ي
100 1# - MAIN ENTRY--PERSONAL NAME
Personal name حسين خوجة، حسين بن علي بن سليمان،
Dates associated with a name توفي 1169 هجري
Relator term مؤلف.
245 10 - TITLE STATEMENT
Title ذيل بشائر أهل الإيمان بفتوحات آل عثمان /
Statement of responsibility, etc. حسين بن علي بن سليمان الحنفي ؛ تحقيق الطاهر المعموري.
264 #1 - PRODUCTION, PUBLICATION, DISTRIBUTION, MANUFACTURE, AND COPYRIGHT NOTICE
Place of production, publication, distribution, manufacture تونس :
Name of producer, publisher, distributor, manufacturer الدار العربية للكتاب،
Date of production, publication, distribution, manufacture, or copyright notice [بين 1900 و1999]
300 ## - PHYSICAL DESCRIPTION
Extent 410 صفحة ؛
Dimensions صور ؛
-- 25 سم
336 ## - CONTENT TYPE
Content type term نص
Content type code txt
Source rdacontent
Materials specified كتاب
337 ## - MEDIA TYPE
Media type term بدون وسيط
Media type code n
Source rdamedia
338 ## - CARRIER TYPE
Carrier type term مجلد
Carrier type code nc
Source rdacarrier
500 ## - GENERAL NOTE
General note يوجد ملاحظات من الشيخ رحمه الله في بداية الكتاب
504 ## - BIBLIOGRAPHY, ETC. NOTE
Bibliography, etc. note ببليوجرافية : صفحة 9-15.
651 #7 - SUBJECT ADDED ENTRY--GEOGRAPHIC NAME
Geographic name تونس
Form subdivision تراجم
Source of heading or term aucsh
651 #7 - SUBJECT ADDED ENTRY--GEOGRAPHIC NAME
Geographic name تونس
General subdivision تاريخ
Chronological subdivision الحكم العثماني، 1516-1881
Source of heading or term aucsh
700 1# - ADDED ENTRY--PERSONAL NAME
Personal name المعموري، الطاهر بن محمد،
Dates associated with a name 1933-
Relator term محقق.
740 0# - ADDED ENTRY--UNCONTROLLED RELATED/ANALYTICAL TITLE
Uncontrolled related/analytical title بشائر أهل الإيمان بفتوحات آل عثمان.
942 ## - ADDED ENTRY ELEMENTS (KOHA)
Source of classification or shelving scheme Dewey Decimal Classification
Koha item type Books
Suppress in OPAC No
949 ## - LOCAL PROCESSING INFORMATION (OCLC)
a SA-JeALM
d 250512
u osman123
n 1
Holdings
Withdrawn status Lost status Source of classification or shelving scheme Damaged status Not for loan Collection Home library Current library Date acquired Total checkouts Full call number Barcode Date last seen Price effective from Koha item type
    Dewey Decimal Classification     ملاحظات DR AbdElwahab Library DR AbdElwahab Library 07/10/2025   920.0611 ح س ي 000015778 07/10/2025 07/10/2025 Books